000
00297nam a22001337a 4500
020
_a
0-8114-2595-9
082
_a
030
_b
CAT/E
100
_a
CATHERALL, ED
245
_a
EXPLORING SOIL & ROCKS
260
_a
US
_b
RAINTREE STECK-VAUGHN
300
_a
48
650
_a
GENERAL KNOWLEDGE
_z
US
942
_c
BK
999
_c
2114
_d
2114